Principles of curriculum / (Record no. 152513)

MARC details
000 -LEADER
fixed length control field 00806nam a22002417a 4500
005 - DATE AND TIME OF LATEST TRANSACTION
control field 20180711115305.0
008 - FIXED-LENGTH DATA ELEMENTS--GENERAL INFORMATION
fixed length control field 180602b xxu||||| |||| 00| 0 eng d
010 ## - LCCN (DPL NO)
LC control number B-216387
020 ## - INTERNATIONAL STANDARD BOOK NUMBER
International Standard Book Number 9788176488297
Terms of availability 695.00
035 ## - SYSTEM CONTROL NUMBER
System control number B-216387, B216381
037 ## - SOURCE OF ACQUISITION
Stock number BPPD/PUB
040 ## - CATALOGING SOURCE
Original cataloging agency DPL
Language of cataloging ENG
082 ## - DEWEY DECIMAL CLASSIFICATION NUMBER
Classification number 375
100 ## - MAIN ENTRY--PERSONAL NAME
Personal name V.K. RAO
245 ## - TITLE STATEMENT
Title Principles of curriculum /
Statement of responsibility, etc by V.K. RAO
260 ## - PUBLICATION, DISTRIBUTION, ETC. (IMPRINT)
Place of publication, distribution, etc New Delhi :
Name of publisher, distributor, etc APH Publishing Corporation
Date of publication, distribution, etc 2005
270 ## - ADDRESS
Address 4435-36/7. Ansari road, Darya Ganj
City New Delhi
Postal code 110002
300 ## - PHYSICAL DESCRIPTION
Extent xi, 357p.
Dimensions 20 cm. (Hb)
500 ## - GENERAL NOTE
General note Includes bibliographical references and Index
520 ## - SUMMARY, ETC.
Summary, etc Contributed articles.
942 ## - ADDED ENTRY ELEMENTS (KOHA)
Source of classification or shelving scheme Dewey Decimal Classification
Item type English Books
Call number suffix RAO
Classification part 375.001
Holdings
Withdrawn status Lost status Source of classification or shelving scheme Damaged status Not for loan Collection code Home library Current library Date acquired Source of acquisition Cost, normal purchase price Total Checkouts Total Renewals Full call number Barcode Date last seen Cost, replacement price Koha item type
    Dewey Decimal Classification     Non-fiction Patel Nagar Patel Nagar 11/07/2018 BPPD/PUB 0.00     375.001 RAO B-216381 11/07/2018 0.00 English Books
    Dewey Decimal Classification     Non-fiction Sarojini Nagar Sarojini Nagar 11/02/2019     1   375.001 RAO B-216382 18/05/2022   English Books
    Dewey Decimal Classification     Non-fiction Shahdara Branch Shahdara Branch 02/06/2018 BPPD/PUB 695.00 2 3 375.001 RAO B-216387 18/07/2020 695.00 English Books

© Delhi Public Library
Hit Counter
free hit counter